000 00355cam a22001097a 4500
008 180718b xxu||||| |||| 00| 0 eng d
082 _aT39103x54 In2
245 _aForeign exchange regulation act, 1947
_cby Ministry of Law, India
260 _aDelhi
_bGovernment of India Press
_c
500 _aContents: Library has 1959, 1965
700 _aIndia. Ministry of Law
999 _c423790
_d423790